[Event "Prague Menchik Memorial rapid"]
[Site "Prague"]
[Date "2018.06.10"]
[Round "9"]
[White "Ruzicka, Zdenek"]
[Black "Jirasek, Jiri"]
[Result "0-1"]
[WhiteElo "2194"]
[BlackElo "1903"]
[PlyCount "80"]
[EventDate "2018.06.10"]
[EventType "swiss (rapid)"]
[EventRounds "9"]
[EventCountry "CZE"]
[SourceTitle "CBM 184 Extra"]
[Source "ChessBase"]
[SourceDate "2018.06.28"]
[SourceVersion "1"]
[SourceVersionDate "2018.06.28"]
[SourceQuality "1"]

1. e4 e5 2. Nc3 Nf6 3. Bc4 Nxe4 4. Qh5 Nd6 5. Nd5 Nxc4 6. d3 c6 7. Nc3 g6 8. Qe2 Nd6 9. Nf3 Bg7 10. h4 0-0 11. h5 Nf5 12. g4 Nd4 13. Nxd4 exd4 14. Ne4 d5 15. hxg6 dxe4 16. dxe4 fxg6 17. Qc4+ Rf7 18. Bh6 Bxh6 19. Rxh6 Qf6 20. Rh2 Be6 21. Qe2 Nd7 22. Rd1 Ne5 23. Kf1 Nxg4 24. Rg2 Ne3+ 25. Kg1 Nxd1 26. Qxd1 Raf8 27. Qe2 Bh3 28. Rg3 Qxf2+ 29. Qxf2 Rxf2 30. Rxh3 Rf1+ 31. Kg2 R1f2+ 32. Kg1 Rxc2 33. Rb3 b6 34. a4 Rff2 35. a5 Rxb2 36. Rd3 Rfc2 37. Rd1 bxa5 38. e5 Kf8 39. Kf1 Ke7 40. Ke1 Rh2 0-1

[Event "Rail 6 countries 24th"]
[Site "Bad Salzuflen"]
[Date "2013.06.30"]
[Round "4.4"]
[White "Hannecart, Marc"]
[Black "Ruzicka, Zdenek"]
[Result "0-1"]
[WhiteElo "1875"]
[BlackElo "2191"]
[PlyCount "116"]
[EventDate "2013.06.28"]
[EventType "team-tourn"]
[EventRounds "5"]
[EventCountry "GER"]
[SourceTitle "EXT 2014"]
[Source "ChessBase"]
[SourceDate "2013.11.20"]
[SourceVersion "1"]
[SourceVersionDate "2013.11.20"]
[SourceQuality "1"]
[WhiteTeam "Belgium"]
[BlackTeam "Czech Republic"]
[WhiteTeamCountry "BEL"]
[BlackTeamCountry "CZE"]

1. d4 d5 2. c4 e5 3. cxd5 Qxd5 4. Nf3 Nc6 5. Nc3 Bb4 6. a3 Bxc3+ 7. bxc3 exd4 8. cxd4 Bg4 9. e3 Nf6 10. Be2 0-0 11. 0-0 a6 12. Bd2 Rfd8 13. Rb1 Rab8 14. Qb3 Qxb3 15. Rxb3 Ne4 16. Rd1 h6 17. h3 Be6 18. Rb2 Bd5 19. Be1 Nd6 20. Ne5 f6 21. Nxc6 Bxc6 22. Rdb1 Kf7 23. f3 f5 24. Bg3 Rbc8 25. Bd3 g6 26. Bf4 h5 27. Kf2 b5 28. Bg5 Rd7 29. Bf4 Bd5 30. e4 fxe4 31. Bxd6 exd3 32. Bc5 Re8 33. Re1 Rxe1 34. Kxe1 Rd8 35. Rf2 Bc4 36. Kd2 Re8 37. Bb4 Ke6 38. h4 Kd5 39. Bc5 a5 40. g4 Re6 41. gxh5 gxh5 42. Rg2 Re2+ 43. Rxe2 dxe2 44. Ke1 Bd3 45. Kd2 Kc4 46. f4 b4 47. axb4 axb4 48. f5 Bxf5 49. Kxe2 b3 50. Ba3 Kc3 51. d5 b2 52. Bxb2+ Kxb2 53. Ke3 Kc3 54. Kf4 Bg4 55. Ke3 Kc4 56. Ke4 Kc5 57. Ke5 Bf3 58. Kf4 Bxd5 0-1

[Event "Prague Czechoslovak Cup"]
[Site "Prague"]
[Date "2008.09.20"]
[Round "6"]
[White "Vavrak, Peter"]
[Black "Ruzicka, Zdenek"]
[Result "1-0"]
[WhiteElo "2474"]
[BlackElo "2107"]
[PlyCount "159"]
[EventDate "2008.09.20"]
[EventType "swiss (rapid)"]
[EventRounds "7"]
[EventCountry "CZE"]
[SourceTitle "CBM 126 Extra"]
[Source "ChessBase"]
[SourceDate "2008.11.05"]
[SourceVersion "1"]
[SourceVersionDate "2008.11.05"]
[SourceQuality "1"]

1. d4 Nf6 2. c4 e6 3. Nc3 Bb4 4. Qc2 c5 5. dxc5 Bxc5 6. Nf3 Nc6 7. Bf4 d6 8. Rd1 a6 9. e3 Qc7 10. Be2 0-0 11. 0-0 Ne8 12. Ne4 e5 13. Bg3 Bf5 14. Nf6+ Nxf6 15. Qxf5 Ne7 16. Qc2 Ng6 17. Ng5 Rfe8 18. Bf3 Rac8 19. Rc1 a5 20. Rfd1 Qb6 21. h4 h6 22. Ne4 Nxe4 23. Bxe4 Ne7 24. Rd3 f5 25. Rb3 Bb4 26. Bxf5 Nxf5 27. Qxf5 a4 28. Rd3 Bc5 29. b3 axb3 30. axb3 Rc7 31. Qg6 Rf7 32. Rb1 Bb4 33. Rd5 Qc7 34. Ra1 Bc3 35. Rc1 Bb4 36. Ra1 Qe7 37. Ra4 Bc5 38. b4 Qd7 39. Qc2 Bb6 40. Ra1 Rc8 41. Bxe5 Qe6 42. Bc3 Rxc4 43. Rad1 Bxe3 44. Rxd6 Bxf2+ 45. Qxf2 Qxd6 46. Qxf7+ Kxf7 47. Rxd6 Rxc3 48. Rd7+ Kg6 49. Rxb7 Rg3 50. Kh2 Rg4 51. Kh3 Rc4 52. Rb6+ Kf5 53. Rb7 g5 54. Rb5+ Kf4 55. g3+ Kf3 56. hxg5 hxg5 57. Rf5+ Ke3 58. b5 g4+ 59. Kh4 Rb4 60. Kg5 Ke2 61. Rf4 Rxb5+ 62. Kxg4 Ke3 63. Ra4 Rb8 64. Kh3 Rh8+ 65. Kg2 Rg8 66. g4 Rg7 67. Kg3 Rg8 68. Ra5 Ke4 69. g5 Rg7 70. Kg4 Rg8 71. Ra6 Rh8 72. g6 Ke5 73. Kg5 Rh1 74. g7 Rg1+ 75. Kh6 Rh1+ 76. Kg6 Rg1+ 77. Kh7 Rh1+ 78. Rh6 Rg1 79. g8Q Rxg8 80. Kxg8 1-0

[Event "Ricany op-A"]
[Site "Ricany"]
[Date "2008.08.29"]
[Round "8"]
[White "Ruzicka, Zdenek"]
[Black "Dvorak, Martin"]
[Result "1-0"]
[WhiteElo "2107"]
[BlackElo "2001"]
[PlyCount "77"]
[EventDate "2008.08.23"]
[EventType "swiss"]
[EventRounds "9"]
[EventCountry "CZE"]
[SourceTitle "CBM 126 Extra"]
[Source "ChessBase"]
[SourceDate "2008.11.05"]
[SourceVersion "1"]
[SourceVersionDate "2008.11.05"]
[SourceQuality "1"]

1. c4 c6 2. Nf3 Nf6 3. b3 d5 4. Bb2 Bf5 5. d3 e6 6. Nbd2 h6 7. g3 Be7 8. Bg2 a5 9. a3 0-0 10. 0-0 Na6 11. Qc2 Qb6 12. h3 Rfd8 13. Rab1 Qa7 14. g4 Bh7 15. g5 hxg5 16. Nxg5 Bg6 17. Ndf3 Nd7 18. h4 Nc7 19. Bh3 Ne8 20. Kg2 Nef6 21. Rg1 Bc5 22. Rbf1 Nh5 23. Qc1 Bd6 24. Kh1 Nf4 25. h5 Bxh5 26. Bxg7 Nxe2 27. Qd2 Nxg1 28. Rxg1 Qb8 29. Nh4 Bf4 30. Qb2 e5 31. Bxd7 Rxd7 32. Bxe5 Bxe5 33. Ngf3+ Kh7 34. Nxe5 Qh8 35. d4 Rd6 36. Nxf7 Qf6 37. Qb1+ Bg6 38. Nxg6 Kg7 39. Nxd6 1-0

[Event "Ricany op-A"]
[Site "Ricany"]
[Date "2008.08.26"]
[Round "5"]
[White "Stastny, Jan"]
[Black "Ruzicka, Zdenek"]
[Result "1-0"]
[WhiteElo "2217"]
[BlackElo "2107"]
[PlyCount "102"]
[EventDate "2008.08.23"]
[EventType "swiss"]
[EventRounds "9"]
[EventCountry "CZE"]
[SourceTitle "CBM 126 Extra"]
[Source "ChessBase"]
[SourceDate "2008.11.05"]
[SourceVersion "1"]
[SourceVersionDate "2008.11.05"]
[SourceQuality "1"]

1. e4 c5 2. Nf3 d6 3. d4 cxd4 4. Nxd4 Nf6 5. Nc3 a6 6. Bc4 g6 7. 0-0 Bg7 8. Re1 0-0 9. Bg5 Nc6 10. Nb3 h6 11. Bh4 Ne5 12. Bf1 g5 13. Bg3 Ng6 14. Rb1 e5 15. Bc4 b5 16. Bd5 Rb8 17. a3 a5 18. Qd2 b4 19. axb4 axb4 20. Na2 Nxd5 21. exd5 Qb6 22. Kh1 Bf5 23. Nbc1 Rfc8 24. Nd3 b3 25. cxb3 Qxb3 26. Nc3 Nf4 27. Bxf4 exf4 28. Ne4 Qxd5 29. f3 Qd4 30. Rbd1 Rd8 31. Qa5 Bxe4 32. Rxe4 Qb6 33. Qe1 d5 34. Re2 Rbc8 35. h3 Qb3 36. Kh2 Bf6 37. Nc1 Qb6 38. Nd3 Kg7 39. Kh1 Qb8 40. Qd2 h5 41. h4 Rc4 42. hxg5 Bxg5 43. Ne5 Rc7 44. Nd3 Rc6 45. Rde1 Rf6 46. Re5 Kh6 47. Qf2 Qd6 48. g3 fxg3 49. Qxg3 Rg6 50. Qh3 Rh8 51. f4 Qe7 1-0

[Event "Ricany op-A"]
[Site "Ricany"]
[Date "2008.08.24"]
[Round "2"]
[White "Petrun, Milan"]
[Black "Ruzicka, Zdenek"]
[Result "1-0"]
[WhiteElo "1923"]
[BlackElo "2107"]
[PlyCount "67"]
[EventDate "2008.08.23"]
[EventType "swiss"]
[EventRounds "9"]
[EventCountry "CZE"]
[SourceTitle "CBM 126 Extra"]
[Source "ChessBase"]
[SourceDate "2008.11.05"]
[SourceVersion "1"]
[SourceVersionDate "2008.11.05"]
[SourceQuality "1"]

1. e4 d6 2. d4 Nf6 3. Nc3 g6 4. Be2 Bg7 5. Be3 c6 6. Qd2 h6 7. h3 b5 8. a3 a6 9. Nf3 Bb7 10. Rd1 a5 11. b4 axb4 12. axb4 Na6 13. e5 dxe5 14. Nxe5 Nxb4 15. Nxb5 Nbd5 16. Nc3 Nxe3 17. fxe3 c5 18. Bb5+ Kf8 19. 0-0 cxd4 20. exd4 Rc8 21. Ra1 h5 22. Ra7 Qb6 23. Rxf6 Qxa7 24. Rxf7+ Kg8 25. Rxe7 Bxe5 26. Rxe5 Rh7 27. Ne2 Qb6 28. Qe3 Rg7 29. Bd3 Qc6 30. d5 Qc5 31. Nd4 Bxd5 32. c4 Qc7 33. Rxd5 Re7 34. Qg5 1-0

[Event "Czechia KP-chTB 0607"]
[Site "Czech Republic"]
[Date "2007.03.04"]
[Round "9.2"]
[White "Purnoch, Josef"]
[Black "Ruzicka, Zdenek"]
[Result "0-1"]
[WhiteElo "2206"]
[BlackElo "2161"]
[PlyCount "111"]
[EventDate "2006.10.29"]
[EventType "team-tourn"]
[EventRounds "11"]
[EventCountry "CZE"]
[SourceTitle "EXT 2008"]
[Source "ChessBase"]
[SourceDate "2007.11.25"]
[SourceVersion "1"]
[SourceVersionDate "2007.11.25"]
[SourceQuality "1"]
[WhiteTeam "Kutna Hora"]
[BlackTeam "Kostelec nad CL"]
[WhiteTeamCountry "CZE"]
[BlackTeamCountry "CZE"]

1. d4 Nf6 2. c4 g6 3. Nc3 Bg7 4. Nf3 d6 5. g3 0-0 6. Bg2 Nbd7 7. 0-0 c6 8. h3 a6 9. a4 Rb8 10. e4 e5 11. Re1 Re8 12. Bf1 a5 13. Bg2 Ra8 14. Be3 Qe7 15. Qc2 Qf8 16. Rad1 Bh6 17. dxe5 dxe5 18. Ng5 Bg7 19. Rd2 h6 20. Nf3 Nc5 21. Red1 Nh7 22. Rd6 Ne6 23. c5 Bf6 24. Qd2 g5 25. Ne2 Qg7 26. Qc3 Nhf8 27. Nh2 Be7 28. R6d3 Ng6 29. Ng4 f6 30. Kf1 h5 31. Nh2 Qf7 32. Bf3 Ng7 33. Bg2 Be6 34. Kg1 Bc4 35. R3d2 Bb3 36. Ra1 Qc4 37. Qxc4+ Bxc4 38. Bf1 Red8 39. Nf4 Bf7 40. Nxg6 Bxg6 41. Bc4+ Bf7 42. Bxf7+ Kxf7 43. Nf3 Ne6 44. Rc1 g4 45. hxg4 hxg4 46. Rxd8 Rxd8 47. Nh2 Rd3 48. Nxg4 Rb3 49. Nh6+ Ke8 50. Rc2 Rb4 51. Nf5 Rxa4 52. Nxe7 Kxe7 53. f3 Rb4 54. Kf2 a4 55. Bd2 Rb5 56. f4 0-1

[Event "Czechia KP-chTB 0607"]
[Site "Czech Republic"]
[Date "2007.02.18"]
[Round "8.2"]
[White "Ruzicka, Zdenek"]
[Black "Valtera, Jiri"]
[Result "1/2-1/2"]
[WhiteElo "2161"]
[BlackElo "2078"]
[PlyCount "70"]
[EventDate "2006.10.29"]
[EventType "team-tourn"]
[EventRounds "11"]
[EventCountry "CZE"]
[SourceTitle "EXT 2008"]
[Source "ChessBase"]
[SourceDate "2007.11.25"]
[SourceVersion "1"]
[SourceVersionDate "2007.11.25"]
[SourceQuality "1"]
[WhiteTeam "Kostelec nad CL"]
[BlackTeam "Nymburk Sokol"]
[WhiteTeamCountry "CZE"]
[BlackTeamCountry "CZE"]

1. e4 c5 2. Nf3 d6 3. d4 cxd4 4. Nxd4 Nf6 5. Nc3 a6 6. Be2 e5 7. Nb3 Be7 8. Be3 Be6 9. Qd2 0-0 10. Rd1 Qc7 11. 0-0 Nbd7 12. h3 b5 13. f4 Rac8 14. f5 Bc4 15. Bd3 Bxd3 16. cxd3 b4 17. Ne2 d5 18. Ng3 Nc5 19. Rc1 Nxb3 20. axb3 Qb7 21. Bg5 dxe4 22. Bxf6 Qb6+ 23. Kh1 e3 24. Qe2 Bxf6 25. Ne4 h6 26. Rc4 Rxc4 27. bxc4 Rd8 28. Rf3 Bg5 29. Nxg5 hxg5 30. Rxe3 f6 31. Rf3 Rd4 32. b3 Qa5 33. Rf1 Qd8 34. Rf3 Qa5 35. Rf1 Qd8 1/2-1/2

[Event "Czechia KP-chTB 0607"]
[Site "Czech Republic"]
[Date "2006.10.29"]
[Round "1.1"]
[White "Skacel, Jan"]
[Black "Ruzicka, Zdenek"]
[Result "1/2-1/2"]
[WhiteElo "2083"]
[BlackElo "2161"]
[PlyCount "80"]
[EventDate "2006.10.29"]
[EventType "team-tourn"]
[EventRounds "11"]
[EventCountry "CZE"]
[SourceTitle "EXT 2008"]
[Source "ChessBase"]
[SourceDate "2007.11.25"]
[SourceVersion "1"]
[SourceVersionDate "2007.11.25"]
[SourceQuality "1"]
[WhiteTeam "Benesov"]
[BlackTeam "Kostelec nad CL"]
[WhiteTeamCountry "CZE"]
[BlackTeamCountry "CZE"]

1. d4 Nf6 2. c4 d6 3. Nf3 g6 4. Nc3 Bg7 5. e4 0-0 6. Be2 e5 7. 0-0 Nc6 8. d5 Ne7 9. Ne1 Ne8 10. f3 f5 11. g4 Kh8 12. Nd3 c6 13. Be3 cxd5 14. cxd5 Ng8 15. h3 Bf6 16. Kg2 Ng7 17. Qd2 Bd7 18. Rac1 Bh4 19. b3 Nf6 20. Nb2 h5 21. Rh1 f4 22. Bg1 Qe7 23. Nc4 Rfc8 24. a4 Nge8 25. Na3 Nc7 26. Bh2 Nh7 27. Ncb5 Nxb5 28. Bxb5 Ng5 29. Bxd7 Qxd7 30. Rxc8+ Rxc8 31. Rc1 Kg7 32. Rxc8 Qxc8 33. Qc2 Qxc2+ 34. Nxc2 Kf7 35. Bg1 a6 36. Na3 Ke7 37. Nc4 Kd7 38. Bb6 Be1 39. Nb2 Bc3 40. Nc4 Bb4 1/2-1/2

[Event "Rail 4 countries 21st"]
[Site "Litice"]
[Date "2005.06.18"]
[Round "3.4"]
[White "Ruzicka, Zdenek"]
[Black "Just, Wolfgang"]
[Result "0-1"]
[WhiteElo "2149"]
[BlackElo "2166"]
[PlyCount "147"]
[EventDate "2005.06.17"]
[EventType "team-tourn"]
[EventRounds "3"]
[EventCountry "CZE"]
[SourceTitle "EXT 2007"]
[Source "ChessBase"]
[SourceDate "2006.11.23"]
[SourceVersion "1"]
[SourceVersionDate "2006.11.23"]
[SourceQuality "1"]

1. d4 e6 2. c4 f5 3. Nc3 Bb4 4. Qc2 Nf6 5. a3 Bxc3+ 6. Qxc3 b6 7. f3 Bb7 8. e3 0-0 9. Bd2 d6 10. 0-0-0 Nbd7 11. Bd3 c5 12. Kb1 Rc8 13. Ne2 Qe7 14. Qb3 d5 15. Nc3 Rfd8 16. cxd5 Nxd5 17. Bc4 Nf8 18. Rhe1 Nxc3+ 19. Bxc3 Bd5 20. Bxd5 Rxd5 21. dxc5 Rxd1+ 22. Rxd1 Qxc5 23. Bb4 Qb5 24. Ka2 Qe8 25. h3 Ng6 26. f4 h5 27. Rd6 Nf8 28. Qd1 Qb5 29. Rd4 a5 30. Bc3 e5 31. Rd5 Qc4+ 32. Qb3 exf4 33. exf4 g6 34. Rd6 a4 35. Qxc4+ Rxc4 36. Rxb6 Rxf4 37. Bb4 Nd7 38. Rxg6+ Kf7 39. Ra6 Rf2 40. Rxa4 Rxg2 41. Ra7 Ke6 42. Ra6+ Ke5 43. Rh6 f4 44. Rxh5+ Ke4 45. Rh7 Ne5 46. Bc3 Nd3 47. Re7+ Kd5 48. Rf7 Rh2 49. a4 Rxh3 50. a5 Rh6 51. Kb3 Re6 52. Kc2 Ke4 53. b4 f3 54. b5 f2 55. a6 Nf4 56. a7 f1Q 57. a8Q+ Ke3 58. Bd2+ Ke2 59. Qd8 Qd1+ 60. Kc3 Re3+ 61. Kb4 Nd3+ 62. Ka5 Qxd2+ 63. Kb6 Re6+ 64. Ka7 Qa2+ 65. Kb8 Ne5 66. Re7 Qc4 67. Rxe6 Qxe6 68. Qc7 Nd7+ 69. Ka7 Qa2+ 70. Kb7 Qd5+ 71. Qc6 Nc5+ 72. Kb6 Na4+ 73. Ka5 Qa2 74. Qg2+ 0-1

[Event "CZE-chT2V 0203"]
[Site "Czech Republic"]
[Date "2003.??.??"]
[Round "4"]
[White "Ruzicka, Zdenek"]
[Black "Rosko, Lubos"]
[Result "0-1"]
[WhiteElo "2131"]
[BlackElo "2068"]
[PlyCount "65"]
[EventDate "2002.10.??"]
[EventType "team-tourn"]
[EventRounds "11"]
[EventCountry "CZE"]
[SourceTitle "EXT 2007"]
[Source "ChessBase"]
[SourceDate "2006.11.23"]
[SourceVersion "1"]
[SourceVersionDate "2006.11.23"]
[SourceQuality "1"]
[WhiteTeam "Ricany"]
[BlackTeam "Horice"]
[WhiteTeamCountry "CZE"]
[BlackTeamCountry "CZE"]

1. e4 c5 2. Nf3 d6 3. d4 cxd4 4. Nxd4 Nf6 5. Nc3 a6 6. Be2 e5 7. Nb3 Be7 8. 0-0 0-0 9. Be3 Be6 10. f4 exf4 11. Bxf4 Nc6 12. Bf3 Ne5 13. Kh1 Rc8 14. Nd4 Qb6 15. Rb1 Rfe8 16. Be3 Nc4 17. Bg1 Qa5 18. b4 Qg5 19. Qe1 Nd7 20. b5 a5 21. e5 d5 22. Nxd5 Ndxe5 23. Nxe6 fxe6 24. Nxe7+ Rxe7 25. Be4 Ng4 26. Qg3 Nd2 27. Qd3 Nxb1 28. Rxb1 Qh4 29. Rf1 Nf6 30. Bf3 Qc4 31. Qa3 Qb4 32. Qxb4 axb4 33. Rb1 0-1

[Event "Rail 4 countries 19th"]
[Site "Eindhoven"]
[Date "2002.06.07"]
[Round "1.6"]
[White "Ruzicka, Zdenek"]
[Black "Gomis, Rico"]
[Result "1-0"]
[WhiteElo "2153"]
[BlackElo "1795"]
[PlyCount "97"]
[EventDate "2002.06.07"]
[EventType "team-tourn"]
[EventRounds "3"]
[EventCountry "NED"]
[SourceTitle "EXT 2004"]
[Source "ChessBase"]
[SourceDate "2003.11.25"]
[SourceVersion "1"]
[SourceVersionDate "2003.11.25"]
[SourceQuality "1"]

1. Nf3 d5 2. c4 c6 3. e3 g6 4. d4 Bg7 5. Nc3 Nf6 6. Bd3 0-0 7. 0-0 a6 8. a4 dxc4 9. Bxc4 Qc7 10. e4 h6 11. e5 Nh7 12. Re1 e6 13. Ne4 Rd8 14. Qe2 Nd7 15. Bd2 b6 16. Rac1 Qb8 17. b4 Bb7 18. a5 b5 19. Bb3 Ndf8 20. h4 Rd7 21. Nc5 Rd8 22. Bf4 Qa7 23. Qe3 h5 24. Bh6 Bc8 25. Qf4 Qe7 26. Bxg7 Kxg7 27. g3 Ra7 28. Bc2 Bd7 29. Be4 Be8 30. Rc3 Rc8 31. Rec1 Kg8 32. Qh6 Qd8 33. Qe3 Rca8 34. Ng5 Nxg5 35. hxg5 Nh7 36. f4 Rc7 37. Bf3 Qe7 38. Nd3 Rd8 39. Nc5 Ra8 40. Kf2 Nf8 41. g4 hxg4 42. Bxg4 Nd7 43. Rh1 Qf8 44. Qh3 Qg7 45. Ne4 Kf8 46. Nf6 Ke7 47. d5 Kd8 48. dxe6 fxe6 49. Qd3 1-0

[Event "CZE-chT2 0102"]
[Site "Czech Republic"]
[Date "2002.03.03"]
[Round "10.6"]
[White "Ruzicka, Zdenek"]
[Black "Pilar, Miloslav"]
[Result "1-0"]
[WhiteElo "2178"]
[BlackElo "2283"]
[PlyCount "91"]
[EventDate "2001.10.??"]
[EventType "team-tourn"]
[EventRounds "11"]
[EventCountry "CZE"]
[SourceTitle "EXT 2006"]
[Source "ChessBase"]
[SourceDate "2005.11.24"]
[SourceVersion "1"]
[SourceVersionDate "2005.11.24"]
[SourceQuality "1"]

1. e4 c6 2. d4 d5 3. exd5 cxd5 4. Bd3 Nc6 5. c3 Nf6 6. Bf4 Qb6 7. Qb3 Qxb3 8. axb3 e6 9. h3 Bd7 10. b4 Nh5 11. Bh2 g5 12. Ne2 f5 13. b5 Ne7 14. Be5 Bg7 15. Bxg7 Nxg7 16. h4 gxh4 17. Rxh4 Ng6 18. Rh3 Ke7 19. f4 Ne8 20. b3 Nc7 21. c4 a6 22. b6 Ne8 23. Nbc3 Nf6 24. Kd2 h5 25. Ra5 Bc6 26. cxd5 Bxd5 27. Nxd5+ Nxd5 28. Bxf5 Ngxf4 29. Nxf4 Nxf4 30. Re3 Rad8 31. Re4 Nxg2 32. Bxe6 Kf6 33. Rf5+ Ke7 34. Bc4+ Kd7 35. Rg5 h4 36. Rxg2 h3 37. Rh2 Rh6 38. Rxh3 Rxh3 39. Be6+ Kc6 40. Bxh3 Kxb6 41. Kc3 Rg8 42. Be6 Rg1 43. Kc4 Kc6 44. Bd5+ Kb6 45. Re6+ Ka5 46. Bxb7 1-0

[Event "CZE-chT2 0102"]
[Site "Czech Republic"]
[Date "2001.10.14"]
[Round "1.5"]
[White "Polasek, Jaroslav"]
[Black "Ruzicka, Zdenek"]
[Result "1-0"]
[WhiteElo "2273"]
[BlackElo "2178"]
[PlyCount "77"]
[EventDate "2001.10.??"]
[EventType "team-tourn"]
[EventRounds "11"]
[EventCountry "CZE"]
[SourceTitle "EXT 2006"]
[Source "ChessBase"]
[SourceDate "2005.11.24"]
[SourceVersion "1"]
[SourceVersionDate "2005.11.24"]
[SourceQuality "1"]

1. e4 c6 2. d4 d5 3. exd5 cxd5 4. c4 Nc6 5. Nf3 Nf6 6. Nc3 Bg4 7. cxd5 Nxd5 8. Qb3 Bxf3 9. gxf3 Nb6 10. d5 Nd4 11. Qd1 e5 12. Be3 Bc5 13. Bb5+ Nxb5 14. Nxb5 Bxe3 15. fxe3 0-0 16. e4 f5 17. 0-0 Nc4 18. Rf2 fxe4 19. Qe2 Nd6 20. Nxd6 Qxd6 21. fxe4 Rxf2 22. Qxf2 Rf8 23. Qe3 Rf4 24. Re1 b6 25. Kh1 h6 26. Qg3 Qf6 27. Kg2 h5 28. h3 h4 29. Qe3 Qg6+ 30. Kh1 Qf6 31. Rg1 Kh7 32. Rg4 g5 33. Rxf4 gxf4 34. Qf3 Kg7 35. Qg4+ Kf7 36. Kg2 Ke7 37. Kf3 Kd6 38. Qc8 Qe7 39. Qc6# 1-0

[Event "CZE-chTV 0001"]
[Site "Czech Republic"]
[Date "2001.??.??"]
[Round "4"]
[White "Kolar, Pavel"]
[Black "Ruzicka, Zdenek"]
[Result "0-1"]
[WhiteElo "2125"]
[BlackElo "2125"]
[PlyCount "84"]
[EventDate "2000.??.??"]
[EventType "team-tourn"]
[EventRounds "11"]
[EventCountry "CZE"]
[SourceTitle "EXT 2003"]
[Source "ChessBase"]
[SourceDate "2002.11.25"]
[SourceVersion "1"]
[SourceVersionDate "2002.11.25"]
[SourceQuality "1"]

1. e4 c5 2. b3 d6 3. Bb2 e6 4. Nf3 Nf6 5. Nc3 Be7 6. Bb5+ Bd7 7. Qe2 a6 8. Bxd7+ Nfxd7 9. 0-0 Nc6 10. Rad1 Bf6 11. Na4 b5 12. Bxf6 Qxf6 13. Nc3 0-0 14. Qd3 Qe7 15. Qe3 Nde5 16. Nxe5 dxe5 17. Ne2 Rfd8 18. d3 Rd7 19. Qg3 Rad8 20. Ra1 f6 21. a3 Nd4 22. Nxd4 cxd4 23. f4 exf4 24. Qxf4 e5 25. Qd2 Rc8 26. Qa5 Qd6 27. Rf2 Rdc7 28. Ra2 Rc3 29. Qb4 R8c5 30. a4 Rxd3 31. axb5 Rd1+ 32. Rf1 Rxf1+ 33. Kxf1 d3 34. Rxa6 dxc2 35. Rxd6 c1Q+ 36. Ke2 Qg1 37. Kf3 Qf1+ 38. Kg4 Qxg2+ 39. Kh4 Qxh2+ 40. Kg4 Qg2+ 41. Kh4 Qh2+ 42. Kg4 h5+ 0-1

[Event "CZE-chTV 0001"]
[Site "Czech Republic"]
[Date "2001.??.??"]
[Round "4"]
[White "Matyska, Jiri"]
[Black "Ruzicka, Zdenek"]
[Result "1-0"]
[WhiteElo "2095"]
[BlackElo "2125"]
[PlyCount "63"]
[EventDate "2000.??.??"]
[EventType "team-tourn"]
[EventRounds "11"]
[EventCountry "CZE"]
[SourceTitle "EXT 2003"]
[Source "ChessBase"]
[SourceDate "2002.11.25"]
[SourceVersion "1"]
[SourceVersionDate "2002.11.25"]
[SourceQuality "1"]

1. d4 f5 2. Nc3 Nf6 3. Bg5 d5 4. e3 e6 5. Nf3 Be7 6. Ne5 0-0 7. h4 Bd7 8. Ne2 Nc6 9. Nxc6 Bxc6 10. Nf4 Qd6 11. c3 e5 12. dxe5 Qxe5 13. Ne2 Bd6 14. Nd4 Bd7 15. Bd3 Rae8 16. g3 Ne4 17. f4 Nxc3 18. fxe5 Nxd1 19. exd6 Nxb2 20. Be2 c5 21. Nf3 b5 22. Be7 Rf7 23. Ne5 Rfxe7 24. dxe7 Rxe7 25. Nxd7 Rxd7 26. Bxb5 Re7 27. Rb1 a6 28. Rxb2 axb5 29. Rxb5 Rxe3+ 30. Kf2 Ra3 31. Rxc5 Rxa2+ 32. Ke3 1-0

[Event "CZE-chTV 9900"]
[Site "Czech Republic"]
[Date "1999.??.??"]
[Round "?"]
[White "Ruzicka, Zdenek"]
[Black "Pokorny, Zdenek"]
[Result "0-1"]
[WhiteElo "2155"]
[BlackElo "2330"]
[PlyCount "71"]
[EventDate "1999.??.??"]
[EventType "team-tourn"]
[EventRounds "11"]
[EventCountry "CZE"]
[SourceTitle "EXT 2002"]
[Source "ChessBase"]
[SourceDate "2001.11.25"]
[SourceVersion "1"]
[SourceVersionDate "2001.11.25"]
[SourceQuality "1"]

1. e4 e5 2. Nf3 Nc6 3. Bb5 a6 4. Bxc6 dxc6 5. 0-0 Bg4 6. h3 h5 7. d3 Qf6 8. Nbd2 Bd6 9. Re1 Ne7 10. d4 Ng6 11. hxg4 hxg4 12. g3 gxf3 13. Nxf3 Qe6 14. Ng5 Qd7 15. dxe5 Nxe5 16. f4 Ng4 17. Nf3 0-0-0 18. Kg2 g5 19. e5 Nxe5 20. fxe5 Qh3+ 21. Kf2 Bc5+ 22. Be3 Rxd1 23. Raxd1 Bxe3+ 24. Rxe3 Qf5 25. Ke2 g4 26. Nh4 Qxc2+ 27. Rd2 Qc4+ 28. Red3 Rd8 29. b3 Qe4+ 30. Re3 Rxd2+ 31. Kxd2 Qd4+ 32. Ke2 Qb2+ 33. Kd3 Qb1+ 34. Kd4 Kd7 35. Re4 Qg1+ 36. Re3 0-1

[Event "CZE-chT2 9798"]
[Site "Czech Republic"]
[Date "1997.??.??"]
[Round "2.3"]
[White "Gregor, Jiri"]
[Black "Ruzicka, Zdenek"]
[Result "1/2-1/2"]
[WhiteElo "2245"]
[BlackElo "2205"]
[PlyCount "23"]
[EventDate "1997.??.??"]
[EventType "team-tourn"]
[EventRounds "11"]
[EventCountry "CZE"]
[SourceTitle "EXT 1999"]
[Source "ChessBase"]
[SourceDate "1998.11.16"]
[SourceVersion "1"]
[SourceVersionDate "1998.11.16"]
[SourceQuality "1"]

1. d4 Nf6 2. c4 d6 3. Nf3 g6 4. Nc3 Bg7 5. e4 0-0 6. Be2 Nc6 7. 0-0 e5 8. d5 Ne7 9. b4 a5 10. bxa5 Rxa5 11. Nd2 Ra8 12. Nb3 1/2-1/2